Drużyny La Liga 2024/2025 - Statystyki

Ogólne statystyki
  • Ten quiz został rozwiązany 342 razy
  • Średni wynik to 13 z 20
Statystyki odpowiedzi
Drużyny % Poprawnych
Real Madryt
99%
FC Barcelona
97%
Atlético Madryt
93%
Real Betis
84%
Real Sociedad
78%
Valencia CF
76%
Girona FC
74%
Athletic Bilbao
69%
Sevilla FC
68%
RCD Mallorca
63%
UD Las Palmas
60%
Getafe CF
58%
Celta Vigo
52%
RCD Espanyol
52%
CD Leganés
51%
CA Osasuna
49%
Rayo Vallecano
47%
Deportivo Alavés
46%
Real Valladolid
46%
Villarreal CF
45%
Nie znaleziono quizów pasujących do podanych kryteriów
Rozkład punktacji
Procent ludzi z każdym wynikiem
Percentyl według liczby udzielonych odpowiedzi
Twoja historia wyników
Nie rozwiązałeś tego quizu